书目信息 |
| 题名: |
美国的脊梁
|
|
| 作者: | 且东 编著 | |
| 分册: | ||
| 出版信息: | 北京 中国友谊出版公司 2006.10 |
|
| 页数: | 230页 | |
| 开本: | 23cm | |
| 丛书名: | 美利坚风雨二百年 | |
| 单 册: | ||
| 中图分类: | K971.2 | |
| 科图分类: | ||
| 主题词: | ||
| 电子资源: | ||
| ISBN: | 978-7-5057-2208-8 | |
| 000 | 00904oam2 22002771 450 | |
| 001 | 003335265 | |
| 005 | 20111224100040.95 | |
| 010 | @a978-7-5057-2208-8@dCNY30.00 | |
| 096 | @aI25@bqd | |
| 100 | @a20060529d2006 em y0chiy50 ea | |
| 101 | 0 | @achi |
| 102 | @aCN@b110000 | |
| 105 | @aa z 000yd | |
| 200 | 1 | @a美国的脊梁@9mei guo de ji liang@dAmerican spine@f且东编著@zeng |
| 210 | @a北京@c中国友谊出版公司@d2006.10 | |
| 215 | @a230页@c图@d23cm | |
| 225 | 2 | @a美利坚风雨二百年 |
| 330 | @a本书从美国的方方面面阐释了超级大国的产生和崛起。从最初的13块殖民地,到塑造美利坚帝国的43位总统,到托起这个帝国的将军们及大学教育、汽车文化和体育精神等都进行了表述。 | |
| 461 | 0 | @1001003346212 |
| 510 | 1 | @aAmerican spine@zeng |
| 607 | @a美国 | |
| 607 | @a美国@x概况 | |
| 690 | @aK971.2@v4 | |
| 701 | 0 | @a且东@9qie dong@4编著 |
| 801 | 0 | @c20111224 |
| 905 | @a郑州市财税学校图书馆@dK971.2@eQ380@f3 | |
| 美国的脊梁=American spine/且东编著.-北京:中国友谊出版公司,2006.10 |
| 230页:图;23cm.-(美利坚风雨二百年) |
| ISBN 978-7-5057-2208-8:CNY30.00 |
| 本书从美国的方方面面阐释了超级大国的产生和崛起。从最初的13块殖民地,到塑造美利坚帝国的43位总统,到托起这个帝国的将军们及大学教育、汽车文化和体育精神等都进行了表述。 |
| ● |
| 相关链接 |
|
|
|
正题名:美国的脊梁
索取号:K971.2/Q380
 
预约/预借
| 序号 | 登录号 | 条形码 | 馆藏地/架位号 | 状态 | 备注 |
| 1 | 1065148 | 210651481 | 社科库309/309社科库 29排4列2层/ [索取号:K971.2/Q380] | 在馆 | |
| 2 | 1065149 | 210651490 | 社科库309/309社科库 29排4列2层/ [索取号:K971.2/Q380] | 在馆 | |
| 3 | 1065150 | 210651506 | 社科库309/309社科库 29排4列2层/ [索取号:K971.2/Q380] | 在馆 |